000 nam a22 7a 4500
999 _c139732
_d139730
005 20180412135354.0
008 180412b mx ||||| |||| 00| 0 spa d
050 0 4 _aSF757.3
_bP75 1972
100 1 _aPrice, Charles J.
240 1 _aHistology
_lEspañol
245 1 0 _aHistología
_c / Charles J. Price
250 _a1a.
260 _aMéxico :
_bHerrero Hermanos,
_c1972
300 _axi, 110 p :
_bil ;
_c23 cm.
490 0 _aApuntes para estudiantes de cría y cuidado de animales
504 _aIncluye bibliografía e índice
650 4 _aHistología veterinaria
942 _2lcc
_cLIB